000 00735nam a2200217 a 4500
001 000003755
005 20200929150546.0
008 090713s2007 cu 001 0 spa d
020 _a9789590504648
040 _aDO-SdBNP
_bspa
_cBNPHU
082 _axxxx
_bA457l
100 1 _aAlpízar Castillo, Rodolfo
_911423
245 1 3 _aEl lenguaje en la medicina :
_busos y abusos /
_cRodolfo Alpízar Castillo ; prólogo Sergio Valdés Bernal.
250 _a. ed.
260 _aLa Habana, Cuba :
_bCientífico-Técnica,
_c2007.
300 _a187 p. ;
_c23 cm.
500 _aIncluye índice
504 _aIncluye referencias bibliográficas y notas al pie de las páginas
700 1 _aValdés Bernal, Sergio,
_epról.
_911424
049 _aBNPD
999 _c3577
_d3577